000 00693nam a22001217a 4500
040 _cRUA
082 _aAGR SIE 2024 B542 Or.1
100 _aSIEN SOKHOUR, សៀន សុខហួរ
245 _aEffect Of Different Level Of 15.15.15 NPK-Fertilizers On Bitter Egg Plant In Royal University Of Agriculture Condition, ឥទ្ធិពលកម្រិតជីកែង (១៥.១៥.១៥) ខុសៗគ្នាលើដំណាំត្រប់ស្រួយ ដាំដុះក្នុងលក្ខខណ្ឌសាកលវិទ្យាល័យភូមិន្ទកសិកម្ម
260 _aPHNOM PENH
_bRUA
_c2024
300 _aix,
_bill,
_c29cm,
942 _cAGR
999 _c25314
_d25314